[Event "II. CLANSKA LIGA ZAHOD 2018"]
[Site "Komenda"]
[Date "2018.11.10"]
[Round "1.1"]
[White "Anakiev, Dimitar"]
[Black "Juranic, Bruno"]
[Result "1-0"]
[WhiteElo "1988"]
[BlackElo "2123"]
[PlyCount "43"]
[EventDate "2018.11.10"]
[WhiteTeam "SD RADOVLJICA"]
[BlackTeam "SD MATRIKA STARI TRG OB KOLPI"]

1. Nf3 d5 2. c4 d4 3. g3 c5 4. b4 e6 5. Bg2 Nf6 6. O-O Qc7 7. e3 cxb4 8. d3
dxe3 9. Bxe3 Bd6 10. a3 bxa3 11. Nxa3 Bd7 12. Nd4 Bc5 13. Nab5 Qb6 14. Qe2 Bc6
15. Bd2 a5 16. Rfb1 O-O 17. Nxc6 bxc6 18. Nd4 Qc7 19. Nb3 Na6 20. Bxa5 Qd7 21.
Bc3 Nb4 22. Nxc5 1-0

[Event "II. CLANSKA LIGA ZAHOD 2018"]
[Site "Komenda"]
[Date "2018.11.10"]
[Round "1.2"]
[White "Baric, Dusan"]
[Black "Buha, Drago"]
[Result "1/2-1/2"]
[WhiteElo "2091"]
[BlackElo "1950"]
[PlyCount "145"]
[EventDate "2018.11.10"]
[WhiteTeam "SD MATRIKA STARI TRG OB KOLPI"]
[BlackTeam "SD RADOVLJICA"]

1. e4 d6 2. d4 Nc6 3. Nf3 Nf6 4. Nc3 e6 5. a3 Be7 6. Bd3 O-O 7. O-O h6 8. h3
Nh7 9. e5 b6 10. Be3 Bb7 11. Qd2 Ng5 12. Nxg5 Bxg5 13. f4 Bh4 14. Rad1 Ne7 15.
f5 Nxf5 16. Bxf5 exf5 17. Rxf5 g6 18. Rff1 Bg5 19. Bxg5 Qxg5 20. Qxg5 hxg5 21.
exd6 cxd6 22. Rf6 d5 23. Re1 Rae8 24. Rxe8 Rxe8 25. Rd6 Kf8 26. Nxd5 Re2 27.
Rd8+ Kg7 28. c4 Rxb2 29. Rd7 Ba6 30. c5 bxc5 31. dxc5 Bb7 32. g4 Rb1+ 33. Kf2
Rb2+ 34. Ke3 a5 35. Nb6 Bg2 36. Nc4 Rb5 37. Kd4 Rb1 38. Ne3 Bf3 39. Ra7 Rh1 40.
Rxa5 Rxh3 41. Ra6 Rh8 42. c6 Rd8+ 43. Kc5 Re8 44. Nc4 Bxg4 45. c7 Be2 46. Rd6
Rc8 47. Rd7 Bg4 48. Re7 Kf8 49. Kd6 Ra8 50. Re3 Ra6+ 51. Kc5 Bf5 52. Nb6 Ra7
53. Kc6 Ra6 54. a4 g4 55. Kb7 Ra5 56. c8=Q+ Bxc8+ 57. Kxc8 f5 58. Ra3 f4 59.
Kb7 f3 60. Nc4 f2 61. Nd2 Rd5 62. Nf1 Rd1 63. Ng3 Rg1 64. Ra2 Rxg3 65. Rxf2+
Rf3 66. Rg2 g3 67. a5 Rb3+ 68. Kc6 Ra3 69. Kb5 Kf7 70. Kb4 Ra1 71. Rxg3 Kf6 72.
Ra3 Rb1+ 73. Kc4 1/2-1/2

[Event "II. CLANSKA LIGA ZAHOD 2018"]
[Site "Komenda"]
[Date "2018.11.10"]
[Round "1.3"]
[White "Jovan, Romuald"]
[Black "Kobe, Uros"]
[Result "0-1"]
[WhiteElo "1914"]
[BlackElo "2046"]
[PlyCount "110"]
[EventDate "2018.11.10"]
[WhiteTeam "SD RADOVLJICA"]
[BlackTeam "SD MATRIKA STARI TRG OB KOLPI"]

1. d4 Nf6 2. c4 d5 3. Nf3 g6 4. Nc3 Bg7 5. e3 O-O 6. Bd3 b6 7. O-O Bb7 8. Ne5
Nfd7 9. f4 Nxe5 10. fxe5 dxc4 11. Bxc4 c5 12. Ne2 e6 13. Bd2 Nc6 14. Bc3 Qg5
15. Nf4 Rad8 16. d5 Nxe5 17. Qe2 Nxc4 18. Bxg7 Kxg7 19. Qxc4 exd5 20. Qc3+ Kg8
21. Rad1 Rfe8 22. Rf2 Qe5 23. Qxe5 Rxe5 24. Re2 f6 25. Kf2 Kf7 26. g4 Re4 27.
h3 Bc6 28. b3 Rd7 29. Red2 d4 30. Ng2 dxe3+ 31. Nxe3 Rf4+ 32. Kg1 Rxd2 33. Rxd2
Rf3 34. Nc4 Rxh3 35. Rd6 Bb5 36. Kg2 Rc3 37. Nd2 Rd3 38. Ne4 Ke7 39. Rxd3 Bxd3
40. Nc3 Kd6 41. Kf3 Ke5 42. Ke3 Ba6 43. a4 Bc8 44. Kf3 Be6 45. a5 bxa5 46. Nb5
Bxb3 47. Nxa7 Bd1+ 48. Ke3 Bxg4 49. Nc6+ Kd5 50. Nxa5 g5 51. Nb3 f5 52. Nd2 f4+
53. Kd3 Bf5+ 54. Ke2 g4 55. Kf2 c4 0-1

[Event "II. CLANSKA LIGA ZAHOD 2018"]
[Site "Komenda"]
[Date "2018.11.10"]
[Round "1.4"]
[White "Bedic, Slavko"]
[Black "Prestrl, Jozef"]
[Result "0-1"]
[WhiteElo "1852"]
[BlackElo "1877"]
[PlyCount "93"]
[EventDate "2018.11.10"]
[WhiteTeam "SD MATRIKA STARI TRG OB KOLPI"]
[BlackTeam "SD RADOVLJICA"]

1. d4 d5 2. c4 c6 3. e3 Nf6 4. Nc3 g6 5. Nf3 Bg4 6. h3 Bxf3 7. Qxf3 e6 8. Bd2
Nbd7 9. Bd3 Bg7 10. O-O O-O 11. Rfe1 Re8 12. Qd1 dxc4 13. Bxc4 Nb6 14. Be2 Qd7
15. Qc2 Rad8 16. Rad1 Qc8 17. a4 c5 18. dxc5 Qxc5 19. Qb3 Qa5 20. Bb5 Rxd2 21.
Rxd2 Rc8 22. Red1 Bf8 23. e4 a6 24. Bf1 Bb4 25. Rd8+ Rxd8 26. Rxd8+ Kg7 27. Rd4
Bc5 28. Rd1 Bb4 29. Na2 Be7 30. Nc3 Bb4 31. Qc2 Bxc3 32. bxc3 Qxa4 33. Qb1 Qc6
34. Bd3 Na4 35. Qa1 b5 36. Rc1 Nc5 37. Bc2 Ncxe4 38. Bxe4 Nxe4 39. c4+ f6 40.
cxb5 Qxb5 41. Rc7+ Kh6 42. Qc1+ g5 43. Qc2 f5 44. Rc6 Qd5 45. Rxa6 Kg6 46. Qc8
Nc5 47. Rc6 0-1

[Event "II. CLANSKA LIGA ZAHOD 2018"]
[Site "Komenda"]
[Date "2018.11.10"]
[Round "1.5"]
[White "Torkar, Boris"]
[Black "Danculovic, Jovica"]
[Result "0-1"]
[WhiteElo "1820"]
[BlackElo "1798"]
[PlyCount "110"]
[EventDate "2018.11.10"]
[WhiteTeam "SD RADOVLJICA"]
[BlackTeam "SD MATRIKA STARI TRG OB KOLPI"]

1. d4 d5 2. c4 c6 3. e3 Nf6 4. Nc3 a6 5. h3 Bf5 6. Nf3 e6 7. a3 Nbd7 8. Be2 Bd6
9. O-O O-O 10. c5 Bc7 11. b4 e5 12. dxe5 Nxe5 13. Bb2 Qe7 14. Nb1 Rfe8 15. Qb3
Ne4 16. Bd4 Nxf3+ 17. Bxf3 Qh4 18. Bxe4 dxe4 19. f4 exf3 20. Nd2 Be6 21. Nxf3
Qxd4 22. Nxd4 Bxb3 23. Nxb3 Rxe3 24. Na5 Bxa5 25. bxa5 Rc3 26. Rab1 Rb8 27.
Rfe1 Kf8 28. Rec1 Rxa3 29. Ra1 Rxa1 30. Rxa1 Rd8 31. Rb1 Rd7 32. Kf2 f5 33. Ke3
Kf7 34. g4 fxg4 35. hxg4 Kg6 36. Rb4 Kg5 37. Kf3 g6 38. Ke3 h6 39. Kf3 Rd5 40.
Rc4 Rd3+ 41. Ke4 Ra3 42. Ke5 Rxa5 43. Kd6 Rb5 44. Re4 h5 45. gxh5 gxh5 46. Re7
h4 47. Rg7+ Kf4 48. Rf7+ Kg3 49. Rg7+ Kh2 50. Re7 Rb2 51. Re3 h3 52. Kc7 Kg2
53. Re7 h2 54. Rg7+ Kf1 55. Rh7 Kg1 0-1

[Event "II. CLANSKA LIGA ZAHOD 2018"]
[Site "Komenda"]
[Date "2018.11.10"]
[Round "1.6"]
[White "Brgan, Niko"]
[Black "Krivec, Metod"]
[Result "1-0"]
[WhiteElo "2079"]
[BlackElo "1753"]
[PlyCount "49"]
[EventDate "2018.11.10"]
[WhiteTeam "SD MATRIKA STARI TRG OB KOLPI"]
[BlackTeam "SD RADOVLJICA"]

1. e4 e6 2. d4 d5 3. exd5 exd5 4. Bd3 Nf6 5. Ne2 Be7 6. h3 O-O 7. O-O Re8 8.
Bg5 Nbd7 9. Nd2 Ne4 10. Bf4 Bg5 11. Be3 Bxe3 12. fxe3 Ndf6 13. Nf3 Qd6 14. Ne5
Re7 15. Qe1 Nd7 16. Bxe4 dxe4 17. Nc4 Qc6 18. Qb4 Re8 19. Rac1 g6 20. Rf2 f5
21. Nf4 Kg7 22. a4 Nb6 23. Ne5 Qd6 24. Qb3 g5 25. Qf7+ 1-0

[Event "II. CLANSKA LIGA ZAHOD 2018"]
[Site "Komenda"]
[Date "2018.11.10"]
[Round "1.1"]
[White "Skoberne, Jure"]
[Black "Luzar, Emil"]
[Result "1-0"]
[WhiteElo "2572"]
[BlackElo "2115"]
[PlyCount "61"]
[EventDate "2018.11.10"]
[WhiteTeam "SD POSOCJE"]
[BlackTeam "SK DOLENJSKE TOPLICE"]

1. Nf3 Nf6 2. g3 g6 3. b3 Bg7 4. Bb2 O-O 5. Bg2 d6 6. d4 c6 7. O-O Bf5 8. c4 a5
9. Nc3 Ne4 10. Na4 b5 11. cxb5 cxb5 12. Nd2 bxa4 13. Nxe4 Bxe4 14. Bxe4 d5 15.
Bf3 f5 16. bxa4 e6 17. Rc1 Rf7 18. e3 Bf8 19. Be2 Nd7 20. Rc6 Rf6 21. Qc2 g5
22. Rc1 Nb6 23. Bc3 Nc8 24. Qb3 Nd6 25. Qb6 Qe8 26. Rxd6 Rb8 27. Qc6 Bxd6 28.
Qxd6 Rd8 29. Qe5 Rh6 30. Bxa5 Ra8 31. Rc7 1-0

[Event "II. CLANSKA LIGA ZAHOD 2018"]
[Site "Komenda"]
[Date "2018.11.10"]
[Round "1.3"]
[White "Podlesnik, Bogdan"]
[Black "Muhic, Jure"]
[Result "1-0"]
[WhiteElo "2343"]
[BlackElo "1848"]
[PlyCount "88"]
[EventDate "2018.11.10"]
[WhiteTeam "SD POSOCJE"]
[BlackTeam "SK DOLENJSKE TOPLICE"]

1. e4 c6 2. d4 d5 3. Nc3 dxe4 4. Nxe4 Nd7 5. Nf3 Ngf6 6. Nxf6+ Nxf6 7. Bc4 e6
8. Qe2 Qc7 9. Ne5 Bd6 10. g4 b5 11. Bd3 Bb7 12. Rg1 a6 13. f4 c5 14. dxc5 Bxc5
15. Rg3 Nd5 16. Bd2 O-O-O 17. Be4 f6 18. Nd3 Bd6 19. O-O-O Kb8 20. Kb1 Nxf4 21.
Nxf4 Bxf4 22. Bxb7 Bxg3 23. Bxa6 Bf4 24. Bxb5 Rxd2 25. Rxd2 Bxd2 26. Qxd2 Rd8
27. Bd3 e5 28. Qe2 Qd6 29. a3 Qd5 30. Qf2 Qd4 31. Qf5 h6 32. h4 Kc7 33. h5 Rd7
34. b3 Kd6 35. a4 Re7 36. Qc8 Qc5 37. Qd8+ Rd7 38. Qf8+ Re7 39. Qd8+ Rd7 40.
Qf8+ Re7 41. Bf5 Qc7 42. Be4 Qb6 43. Ka2 Qc5 44. Bf5 Qd4 1-0

[Event "II. CLANSKA LIGA ZAHOD 2018"]
[Site "Komenda"]
[Date "2018.11.10"]
[Round "1.4"]
[White "Janko, Roman"]
[Black "Beletic, Danijel"]
[Result "0-1"]
[WhiteElo "1869"]
[BlackElo "2364"]
[PlyCount "114"]
[EventDate "2018.11.10"]
[WhiteTeam "SK DOLENJSKE TOPLICE"]
[BlackTeam "SD POSOCJE"]

1. e4 g6 2. d4 Bg7 3. Nf3 d6 4. c3 Nf6 5. Bd3 O-O 6. O-O Nbd7 7. h3 e5 8. Re1
b6 9. Nbd2 Re8 10. Nf1 Bb7 11. Ng3 Rc8 12. Bg5 h6 13. dxe5 Nxe5 14. Nxe5 hxg5
15. Ng4 Nxg4 16. Qxg4 Qf6 17. Nf1 Re7 18. Nd2 Qf4 19. Qxf4 gxf4 20. Re2 a6 21.
Rae1 Rce8 22. Kf1 b5 23. a3 c5 24. Nf3 Bc6 25. Rd2 Bf8 26. Rde2 Kg7 27. Nd2 Kg8
28. Nf3 Kh8 29. Ng5 Kg8 30. Nf3 a5 31. Nd2 Bg7 32. Nf3 Rb7 33. Rd2 b4 34. axb4
axb4 35. c4 Rbe7 36. Ng5 Bh6 37. Nf3 Bg7 38. Ng5 Bf6 39. Nf3 Kg7 40. Bb1 Bxe4
41. Bxe4 Rxe4 42. Rxe4 Rxe4 43. b3 Re6 44. Rd5 Bc3 45. Rd1 f6 46. Rd5 g5 47.
Rd1 Kf7 48. Rd5 Ke7 49. Rd1 Kd7 50. Kg1 Re2 51. Rb1 Kc6 52. Kf1 Ra2 53. g3 fxg3
54. fxg3 d5 55. cxd5+ Kxd5 56. h4 Ke4 57. Ne1 Bd4 0-1

[Event "II. CLANSKA LIGA ZAHOD 2018"]
[Site "Komenda"]
[Date "2018.11.10"]
[Round "1.5"]
[White "Ursic, Mateja"]
[Black "Gorse, Damjan"]
[Result "1/2-1/2"]
[WhiteElo "1985"]
[BlackElo "1797"]
[PlyCount "88"]
[EventDate "2018.11.10"]
[WhiteTeam "SD POSOCJE"]
[BlackTeam "SK DOLENJSKE TOPLICE"]

1. e4 e5 2. d4 d6 3. dxe5 dxe5 4. Qxd8+ Kxd8 5. Bc4 f6 6. Be3 Nd7 7. Nc3 Bc5 8.
Bxc5 Nxc5 9. O-O-O+ Nd7 10. Nge2 c6 11. Ng3 g6 12. h4 Ne7 13. h5 g5 14. Rd2 Kc7
15. Rhd1 Nb6 16. Bb3 Bd7 17. Na4 Rad8 18. Nc5 Bc8 19. Be6 Rxd2 20. Rxd2 Rd8 21.
b3 Rxd2 22. Kxd2 Nd7 23. Nd3 Nf8 24. Bxc8 Kxc8 25. Nf5 Nxf5 26. exf5 Kc7 27.
Nc5 b6 28. Ne4 Nd7 29. Ke3 a6 30. f3 Kd8 31. Nd6 Ke7 32. Nc8+ Kd8 33. Nd6 Ke7
34. Ne4 Kd8 35. Kd3 Kc7 36. c4 Nc5+ 37. Nxc5 bxc5 38. Kc3 a5 39. a3 Kb6 40. h6
Ka6 41. b4 cxb4+ 42. axb4 axb4+ 43. Kxb4 Kb6 44. c5+ Ka6 1/2-1/2

[Event "II. CLANSKA LIGA ZAHOD 2018"]
[Site "Komenda"]
[Date "2018.11.10"]
[Round "1.6"]
[White "Volf, Zdravko"]
[Black "Ursic, Jakob"]
[Result "0-1"]
[WhiteElo "2001"]
[BlackElo "1925"]
[PlyCount "86"]
[EventDate "2018.11.10"]
[WhiteTeam "SK DOLENJSKE TOPLICE"]
[BlackTeam "SD POSOCJE"]

1. e4 e5 2. Nf3 Nc6 3. d4 exd4 4. Nxd4 Nf6 5. Nxc6 bxc6 6. Bd3 Be7 7. O-O d6 8.
Nc3 Bg4 9. Qe1 Nd7 10. h3 Bh5 11. f4 f6 12. Be3 O-O 13. Qh4 Bg6 14. Qg3 f5 15.
Rad1 Bh4 16. Qf3 Qe8 17. g3 fxe4 18. Nxe4 d5 19. Nc5 Ne5 20. Qf2 Nxd3 21. Nxd3
Bf6 22. b3 a6 23. Rfe1 Qd7 24. Kh2 Rfe8 25. Bd4 Bxd4 26. Qxd4 Qd6 27. Ne5 Bf5
28. c4 Qh6 29. h4 Be4 30. Qc5 Re6 31. Qd4 Rf8 32. Rd2 Rxf4 33. Qe3 Rxh4+ 34.
gxh4 Qxh4+ 35. Qh3 Qf4+ 36. Kg1 Qxe5 37. cxd5 cxd5 38. Re3 Rg6+ 39. Kf2 Qf4+
40. Ke1 Rg1+ 41. Ke2 Rg2+ 42. Kd1 Qf1+ 43. Re1 Rxd2+ 0-1

[Event "II. CLANSKA LIGA ZAHOD 2018"]
[Site "Komenda"]
[Date "2018.11.10"]
[Round "1.1"]
[White "Kralj, Nejc"]
[Black "Persl, Bojan"]
[Result "0-1"]
[WhiteElo "1734"]
[BlackElo "2080"]
[PlyCount "88"]
[EventDate "2018.11.10"]
[WhiteTeam "SK KOMENDA"]
[BlackTeam "SK LJUBLJANA"]

1. e4 e5 2. Nf3 Nc6 3. Bc4 Be7 4. O-O Nf6 5. d3 O-O 6. c3 d6 7. Bb3 Na5 8. Bc2
c5 9. Nbd2 Qc7 10. Re1 Bd7 11. Nf1 b5 12. d4 Rfc8 13. Ne3 cxd4 14. cxd4 Rab8
15. Bd2 b4 16. Rc1 Nc6 17. Bb3 Qb6 18. dxe5 dxe5 19. Nc4 Qb5 20. Qe2 Bg4 21. h3
Bxf3 22. Qxf3 a5 23. Qd1 Rd8 24. Ba4 Qb7 25. Bxc6 Qxc6 26. Nxe5 Qd6 27. Nc4 Qd4
28. Qe2 a4 29. Bf4 Rbc8 30. Be5 Qd3 31. Qxd3 Rxd3 32. Ne3 Rxc1 33. Rxc1 Nxe4
34. Rc8+ Bf8 35. Nf5 f6 36. Bd4 g6 37. Nh6+ Kg7 38. Be3 Rd1+ 39. Kh2 Bd6+ 40.
g3 f5 41. Ra8 f4 42. Ng4 fxe3 43. Ra7+ Kf8 44. Nxe3 Rd2 0-1

[Event "II. CLANSKA LIGA ZAHOD 2018"]
[Site "Komenda"]
[Date "2018.11.10"]
[Round "1.2"]
[White "Trussevich, Simon"]
[Black "Novakovic, Novica"]
[Result "1-0"]
[WhiteElo "2009"]
[BlackElo "1686"]
[PlyCount "93"]
[EventDate "2018.11.10"]
[WhiteTeam "SK LJUBLJANA"]
[BlackTeam "SK KOMENDA"]

1. d4 d5 2. c4 c6 3. e3 Nf6 4. Nc3 e6 5. Nf3 Be7 6. Bd3 O-O 7. O-O dxc4 8. Bxc4
Nbd7 9. a3 Nb6 10. Be2 Nbd5 11. Qc2 Qc7 12. g3 Bd7 13. Bd3 Rac8 14. e4 Nxc3 15.
bxc3 g6 16. c4 Ne8 17. Bf4 Qa5 18. Ne5 Qd8 19. c5 f6 20. Nc4 g5 21. Be3 b6 22.
e5 f5 23. Rab1 b5 24. Nd6 Ra8 25. a4 a6 26. Bd2 Qb8 27. g4 Bxd6 28. cxd6 h6 29.
gxf5 exf5 30. Qb3+ Kg7 31. e6 Qxd6 32. exd7 Qxd7 33. Bb4 Rf7 34. axb5 axb5 35.
Rfe1 f4 36. Qe6 Qxd4 37. Qg6+ Kh8 38. Qxf7 Qxd3 39. Rxe8+ Rxe8 40. Qxe8+ Kg7
41. Bf8+ Kf6 42. Re1 Qf5 43. Qe7+ Kg6 44. Qg7+ Kh5 45. Qxh6+ Kg4 46. h3+ Kf3
47. Qh5+ 1-0

[Event "II. CLANSKA LIGA ZAHOD 2018"]
[Site "Komenda"]
[Date "2018.11.10"]
[Round "1.3"]
[White "Zidar, Jernej"]
[Black "Zmavc, Mark"]
[Result "0-1"]
[WhiteElo "1511"]
[BlackElo "1727"]
[PlyCount "114"]
[EventDate "2018.11.10"]
[WhiteTeam "SK KOMENDA"]
[BlackTeam "SK LJUBLJANA"]

1. d4 d5 2. c4 c6 3. Nf3 Nf6 4. Nc3 e6 5. g3 Nbd7 6. Bg2 Bd6 7. O-O O-O 8. Qc2
b6 9. Bd2 Ba6 10. cxd5 cxd5 11. Rac1 b5 12. a3 Nb6 13. Rfe1 Rc8 14. Qb1 Nc4 15.
e4 dxe4 16. Nxe4 Nxe4 17. Qxe4 h6 18. Bc3 Rc7 19. Red1 Bb7 20. Qe2 Qa8 21. Ne1
Bd5 22. Bxd5 Qxd5 23. Qf3 Rfc8 24. Qd3 a5 25. Nc2 b4 26. axb4 axb4 27. Nxb4
Bxb4 28. Bxb4 Nxb2 29. Rxc7 Rxc7 30. Qd2 Nxd1 31. Qxd1 Rc4 32. Be1 Rxd4 33. Qe2
Qe4 34. Qxe4 Rxe4 35. Bd2 Re2 36. Be3 Kh7 37. Kg2 g5 38. Kf3 Ra2 39. g4 Kg6 40.
Kg3 f5 41. Bc5 Rc2 42. Bd4 Rd2 43. Bc5 Rd3+ 44. f3 f4+ 45. Kg2 Rd2+ 46. Kh3 h5
47. Bb6 hxg4+ 48. fxg4 e5 49. Bc5 e4 50. Be7 Rd3+ 51. Kg2 e3 52. Kf3 e2+ 53.
Kf2 e1=Q+ 54. Kxe1 Re3+ 55. Kf2 Rxe7 56. Kf3 Re3+ 57. Kf2 Kf6 0-1

[Event "II. CLANSKA LIGA ZAHOD 2018"]
[Site "Komenda"]
[Date "2018.11.10"]
[Round "1.4"]
[White "Sivcevic, Nusret"]
[Black "Cimperman, Teo"]
[Result "1-0"]
[WhiteElo "1748"]
[BlackElo "1293"]
[PlyCount "117"]
[EventDate "2018.11.10"]
[WhiteTeam "SK LJUBLJANA"]
[BlackTeam "SK KOMENDA"]

1. f4 d5 2. Nf3 Nf6 3. c3 e6 4. Qc2 c5 5. d3 Nc6 6. e4 Be7 7. Be3 b6 8. Nbd2
O-O 9. g3 Bb7 10. h4 h6 11. h5 Rc8 12. Be2 d4 13. Bg1 Qd7 14. c4 Nb4 15. Qb1
Ng4 16. a3 Nc6 17. Nxd4 Nxd4 18. Bxg4 f5 19. Bh3 Rcd8 20. Rh2 Qa4 21. b3 Qa5
22. Kf1 Qc3 23. Ra2 Rf6 24. Bg2 Rf7 25. Be3 Nc6 26. Ke2 Nd4+ 27. Bxd4 Rxd4 28.
Qc2 Qxc2 29. Rxc2 fxe4 30. dxe4 Rf8 31. Ke3 Rfd8 32. Bf1 e5 33. Rc3 exf4+ 34.
gxf4 Re8 35. Rd3 Rxd3+ 36. Bxd3 Bd6 37. Rg2 Kf7 38. e5 Kf8 39. Rg6 Bxe5 40.
fxe5 Rxe5+ 41. Kf4 Rxh5 42. Ne4 Rh4+ 43. Ke3 Bxe4 44. Bxe4 Kf7 45. Rc6 Rh3+ 46.
Bf3 g5 47. Kf2 Rh2+ 48. Bg2 h5 49. Kg3 Rh4 50. Rc7+ Kf6 51. Rxa7 Rg4+ 52. Kf3
Kf5 53. Bh3 Ke5 54. Bxg4 hxg4+ 55. Kxg4 Kd4 56. Rb7 Kc3 57. Rxb6 Kb2 58. a4 Ka3
59. a5 1-0

[Event "II. CLANSKA LIGA ZAHOD 2018"]
[Site "Komenda"]
[Date "2018.11.10"]
[Round "1.5"]
[White "Ðokic, Pavle"]
[Black "Jersic, Aleks"]
[Result "0-1"]
[WhiteElo "1068"]
[BlackElo "1650"]
[PlyCount "96"]
[EventDate "2018.11.10"]
[WhiteTeam "SK KOMENDA"]
[BlackTeam "SK LJUBLJANA"]

1. d4 d5 2. c4 c6 3. Nf3 Nf6 4. Nc3 e6 5. e3 Bd6 6. Bd3 Nbd7 7. b3 b6 8. Bb2
Bb7 9. Qe2 O-O 10. O-O c5 11. h3 Rc8 12. Nb5 Bb8 13. Rac1 a6 14. Nc3 Qc7 15. g3
dxc4 16. bxc4 Qc6 17. e4 cxd4 18. Nxd4 Qc5 19. Nc2 Rfd8 20. Ne3 Ne5 21. Bc2
Nxc4 22. Na4 Qb5 23. Nxc4 Qxc4 24. Qxc4 Rxc4 25. Nxb6 Rb4 26. Na4 Bc6 27. Bc3
Rxa4 28. Bxa4 Bxa4 29. e5 Nd5 30. Ba5 Re8 31. f4 Ba7+ 32. Kh1 g6 33. Rfe1 Bb5
34. Rb1 Bf2 35. Re2 Bxe2 36. Rb2 Bf3+ 37. Kh2 Bc5 38. Rb3 Bd1 39. Rb1 Ba4 40.
Rc1 Bb6 41. Bxb6 Nxb6 42. Rb1 Nd5 43. Rb7 Bb5 44. Ra7 Re7 45. Ra8+ Kg7 46. a4
Bd3 47. g4 Nxf4 48. Kg3 Nd5 0-1

[Event "II. CLANSKA LIGA ZAHOD 2018"]
[Site "Komenda"]
[Date "2018.11.10"]
[Round "1.6"]
[White "Topolovec, Vid"]
[Black "Perme, Martin"]
[Result "1-0"]
[WhiteElo "1671"]
[BlackElo "1201"]
[PlyCount "113"]
[EventDate "2018.11.10"]
[WhiteTeam "SK LJUBLJANA"]
[BlackTeam "SK KOMENDA"]

1. e4 e5 2. Nf3 Nc6 3. Bc4 Bc5 4. c3 Nge7 5. d3 h6 6. b4 Bb6 7. b5 Na5 8. Nxe5
O-O 9. Nd2 d6 10. Nef3 Nxc4 11. Nxc4 Bg4 12. O-O Qd7 13. a4 c6 14. Nxb6 axb6
15. c4 f5 16. Qe2 fxe4 17. Qxe4 Bxf3 18. gxf3 Rf6 19. Bb2 Rg6+ 20. Kh1 Nf5 21.
Rg1 Rxg1+ 22. Kxg1 Re8 23. Qf4 g5 24. Qg4 Qf7 25. f4 Nh4 26. fxg5 Nf3+ 27. Kg2
Nxg5 28. h4 Rf8 29. f4 d5 30. hxg5 dxc4 31. dxc4 Qg6 32. Re1 hxg5 33. Qxg5
Qxg5+ 34. fxg5 Rf4 35. Rc1 Rg4+ 36. Kf3 Rxg5 37. Kf4 Rg2 38. Bd4 Ra2 39. Bxb6
Rxa4 40. bxc6 bxc6 41. Ke5 Ra6 42. c5 Kf7 43. Kd6 Ke8 44. Kxc6 Ke7 45. Kb7 Ra4
46. c6 Kd6 47. Rd1+ Ke7 48. c7 Rb4 49. c8=Q Rxb6+ 50. Kxb6 Kf6 51. Kc6 Kg6 52.
Rf1 Kg7 53. Kd6 Kg6 54. Ke5 Kg5 55. Rg1+ Kh6 56. Kf5 Kh5 57. Qh8# 1-0

[Event "II. CLANSKA LIGA ZAHOD 2018"]
[Site "Komenda"]
[Date "2018.11.10"]
[Round "1.1"]
[White "Siraj, Anej"]
[Black "Rojs, Igor"]
[Result "1-0"]
[WhiteElo "1905"]
[BlackElo "2007"]
[PlyCount "87"]
[EventDate "2018.11.10"]
[WhiteTeam "SD VRHNIKA"]
[BlackTeam "SK TRZIN"]

1. d4 d5 2. Bf4 Nf6 3. Nf3 Bf5 4. e3 e6 5. c4 c6 6. Nc3 Nbd7 7. Qb3 Qb6 8. c5
Qxb3 9. axb3 a6 10. h3 h6 11. b4 Rc8 12. Be2 g5 13. Bg3 Bg7 14. Nd2 Ne4 15.
Ncxe4 Bxe4 16. f3 Bg6 17. Bd6 e5 18. Nb3 Bc2 19. Na5 exd4 20. exd4 Bxd4 21. Kd2
Bf5 22. Nxb7 Ra8 23. Bd3 Be6 24. b5 Ne5 25. Rxa6 Rxa6 26. bxa6 Kd7 27. Be2 Ra8
28. b3 f6 29. h4 Nf7 30. hxg5 fxg5 31. Bg3 Bg7 32. b4 Bf8 33. b5 cxb5 34. Bxb5+
Kc8 35. Nd6+ Nxd6 36. cxd6 Bd7 37. Rc1+ Kd8 38. Bxd7 Kxd7 39. Rc7+ Ke6 40. d7
Be7 41. a7 Bb4+ 42. Kd3 Ba5 43. Rb7 Ke7 44. Bf2 1-0

[Event "II. CLANSKA LIGA ZAHOD 2018"]
[Site "Komenda"]
[Date "2018.11.10"]
[Round "1.2"]
[White "Jukan, Nesib"]
[Black "Marinsek, Denis"]
[Result "1-0"]
[WhiteElo "2018"]
[BlackElo "1857"]
[PlyCount "39"]
[EventDate "2018.11.10"]
[WhiteTeam "SK TRZIN"]
[BlackTeam "SD VRHNIKA"]

1. Nf3 Nf6 2. d4 g6 3. Nc3 Bg7 4. e4 d6 5. Be3 O-O 6. Qd2 c6 7. Bh6 b5 8. Bd3
b4 9. Ne2 a5 10. h4 Ba6 11. h5 Bxd3 12. cxd3 Ng4 13. Bxg7 Kxg7 14. Qg5 Qd7 15.
Rh4 Nf6 16. hxg6 fxg6 17. Qh6+ Kg8 18. e5 dxe5 19. dxe5 Nh5 20. Ng5 1-0

[Event "II. CLANSKA LIGA ZAHOD 2018"]
[Site "Komenda"]
[Date "2018.11.10"]
[Round "1.3"]
[White "Novak, Robert"]
[Black "Borisek, Anze"]
[Result "0-1"]
[WhiteElo "1696"]
[BlackElo "1916"]
[PlyCount "124"]
[EventDate "2018.11.10"]
[WhiteTeam "SD VRHNIKA"]
[BlackTeam "SK TRZIN"]

1. d4 d5 2. c4 Nc6 3. cxd5 Qxd5 4. Nf3 e5 5. Nc3 Bb4 6. e3 Bg4 7. Be2 exd4 8.
exd4 O-O-O 9. Be3 Bxf3 10. Bxf3 Qc4 11. Qb3 Na5 12. Qxc4 Nxc4 13. O-O-O Ne7 14.
d5 Kb8 15. Rd4 Ne5 16. Rhd1 Bxc3 17. bxc3 Nxf3 18. gxf3 Nf5 19. Rf4 g6 20. Rc4
Nd6 21. Ra4 a6 22. Rb4 Rhe8 23. Kc2 Nf5 24. Re4 Kc8 25. Bg5 Rxe4 26. fxe4 f6
27. Bxf6 Rf8 28. e5 Nd6 29. Rd4 g5 30. h4 Nf5 31. Rg4 gxh4 32. Rg5 Nd6 33. Rh5
Ne4 34. Rxh4 Nxf6 35. exf6 Rxf6 36. f4 h6 37. Kd3 Kd7 38. Ke4 Kd6 39. Kd4 c5+
40. dxc6 bxc6 41. Rg4 h5 42. Rh4 Rh6 43. c4 c5+ 44. Ke4 Ke6 45. f5+ Kf6 46. Kf4
Rh8 47. Ke4 Kg5 48. Rh1 h4 49. Rg1+ Kf6 50. Rh1 h3 51. Rh2 Rh4+ 52. Kd5 Kxf5
53. Kxc5 Kg4 54. Kb6 Kg3 55. Rh1 Rxc4 56. Kxa6 Ra4+ 57. Kb5 Rxa2 58. Rg1+ Rg2
59. Rc1 h2 60. Rc3+ Kh4 61. Rc8 Rg5+ 62. Kb4 h1=Q 0-1

[Event "II. CLANSKA LIGA ZAHOD 2018"]
[Site "Komenda"]
[Date "2018.11.10"]
[Round "1.4"]
[White "Banfi, Gregor"]
[Black "Siraj, Svit"]
[Result "1-0"]
[WhiteElo "1673"]
[BlackElo "1713"]
[PlyCount "77"]
[EventDate "2018.11.10"]
[WhiteTeam "SK TRZIN"]
[BlackTeam "SD VRHNIKA"]

1. e4 c5 2. Nf3 d6 3. d4 cxd4 4. Nxd4 Nf6 5. Nc3 g6 6. Bc4 Bg7 7. Be3 O-O 8. f3
Nc6 9. Qd2 Re8 10. g4 Nd7 11. O-O-O a6 12. h4 Qc7 13. Bb3 Nde5 14. Qe2 b5 15.
Nxc6 Nxc6 16. Nd5 Qb7 17. h5 Be6 18. hxg6 fxg6 19. Qh2 Kf7 20. Nf4 Bxb3 21.
axb3 Rh8 22. Qh3 Rac8 23. g5 Nd8 24. Nd5 Qc6 25. Rh2 e6 26. Nb4 Bxb2+ 27. Kb1
Qc7 28. Nxa6 Qa5 29. Kxb2 Qxa6 30. Ra1 Qc6 31. Ra7+ Kg8 32. Bd4 e5 33. Rxh7
Rxh7 34. Qxh7+ Kf8 35. Qh8+ Ke7 36. Qf6+ Kd7 37. Rh7+ Nf7 38. Rxf7+ Ke8 39.
Qe7# 1-0

[Event "II. CLANSKA LIGA ZAHOD 2018"]
[Site "Komenda"]
[Date "2018.11.10"]
[Round "1.5"]
[White "Siraj, Vita"]
[Black "Borstnik, Ales"]
[Result "0-1"]
[WhiteElo "1404"]
[BlackElo "1784"]
[PlyCount "48"]
[EventDate "2018.11.10"]
[WhiteTeam "SD VRHNIKA"]
[BlackTeam "SK TRZIN"]

1. d4 Nf6 2. Nf3 g6 3. Bf4 Bg7 4. e3 O-O 5. Bd3 d6 6. c3 e6 7. e4 Nbd7 8. Bg5
Qe8 9. Qc1 c5 10. Qe3 a6 11. Bf4 cxd4 12. cxd4 e5 13. Bg3 exd4 14. Nxd4 Ng4 15.
Qe2 Bxd4 16. Bxd6 Nde5 17. Bxf8 Nxf2 18. Rf1 Nfxd3+ 19. Kd2 Qxf8 20. Nc3 Bg4
21. Rf3 Bxf3 22. gxf3 Qb4 23. Kc2 Rc8 24. a3 Qxb2+ 0-1

[Event "II. CLANSKA LIGA ZAHOD 2018"]
[Site "Komenda"]
[Date "2018.11.10"]
[Round "1.6"]
[White "Bajec, Borut"]
[Black "Vodnik, Val"]
[Result "1-0"]
[WhiteElo "1780"]
[BlackElo "1056"]
[PlyCount "59"]
[EventDate "2018.11.10"]
[WhiteTeam "SK TRZIN"]
[BlackTeam "SD VRHNIKA"]

1. d4 d5 2. c4 dxc4 3. Nc3 Nf6 4. e4 b6 5. Bxc4 Bb7 6. d5 c6 7. Nf3 cxd5 8.
exd5 g6 9. O-O Bg7 10. Bb5+ Nbd7 11. Ne5 O-O 12. Nc6 Bxc6 13. Bxc6 Rb8 14. Bf4
Rc8 15. Nb5 Nh5 16. Be3 a6 17. Nd4 Rc7 18. Rc1 b5 19. g4 Nhf6 20. Bf4 Ra7 21.
Qf3 Ne8 22. Be3 Rc7 23. Rc2 Nd6 24. b3 Ne5 25. Qe2 Qc8 26. h3 Nxc6 27. Nxc6 Qd7
28. Rfc1 Kh8 29. Bd2 Bf6 30. Ne5 1-0